000 00669cam a2200205 4500
001 ABS61486
008 000000n1999 000 0 eng u
035 _a(Sirsi) u102624
100 _aDale, R.A.
245 _aStandard terms
260 _c1999
490 _aPremises and Facilities Management
_vNovember 1999, 43(1)
520 _aOutlines the main points of the CIOB's Facilities Management Contract, and suggests the situations to which it would be most applicable.
590 _aABS
650 _aCIOB
650 _aFACILITIES MANAGEMENT
_96240
650 _aSTANDARD FORM OF CONTRACT
690 _aBUILT ENVIRONMENT-BUILDING CONTRACT FORMS
942 _n0
999 _c61620
_d61620